| Поле | Название | Значение |
| |
Тип записи |
a |
| |
Библиографический уровень |
m |
| 001 |
Контрольный номер |
RU/IS/BASE/406718284 |
| 005 |
Дата корректировки |
20250530162412.2 |
| 010 |
Индекс ISBN |
__ |
| a |
ISBN |
978-5-17-048815-5 (АСТ). - 978-5-271-18897-8 (Астрель) |
| d |
Цена |
162-48 |
| 101 |
Язык документа |
0_ |
| a |
Язык текста |
rus |
| 200 |
Заглавие и сведения об ответственности |
1_ |
| a |
Заглавие |
Жизнь как исполнение желаний и как из лимона сделать лимонад |
| f |
Первые сведения об ответственности |
Дмитрий Калинский |
| b |
Общее обозначение материала |
Текст |
| 210 |
Выходные данные |
1_ |
| a |
Место издания |
М. |
| c |
Издательство |
АСТ |
| c |
Издательство |
Астрель |
| c |
Издательство |
Полиграфиздат |
| d |
Дата издания |
2012 |
| 215 |
Физическое описание |
__ |
| a |
Объем |
318, [1] с. |
| d |
Формат |
21 |
| 330 |
Аннотация |
__ |
| a |
Аннотация |
Эта книга написана человеком, который научился превращать любые препятствия в ступени к победе, врагов - в помощников, а жизнь - в увлекательное приключение. Автор книги разработал уникальную методику, которая позволяет: поднять самооценку, обрести уверенность и покой, решить семейные проблемы, укрепить здоровье, стать сексуальней, разбогатеть. Изменить жизнь можно, но сделать это способны только вы сами. Хотите жить в мире, где все мечты сбываются? Читайте: формула успеха - у вас в руках! |
| 606 |
Тематические рубрики |
__ |
| a |
Основная рубрика |
Психология |
| 2 |
Код системы |
nlr_sh |
| 606 |
Тематические рубрики |
__ |
| a |
Основная рубрика |
Социальная психология |
| 2 |
Код системы |
nlr_sh |
| 610 |
Ключевые слова |
0_ |
| a |
Ключевые слова |
личность; образ жизни; успех; генная психология; социально-психологические исследования; уверенность; судьба; вина (психология); жалость; удовлетворение; эгоисты; ревность; измена; сексуальность; гармония (психология); личное пространство; счастье; успех; личная жизнь; семейные конфликты; психологические исследования; самооценка; саморазвитие; успешность |
| 686 |
Индексы других классификаций |
__ |
| a |
Классификационный индекс |
88.532 |
| 2 |
Код системы |
rubbks |
| 700 |
Автор |
_1 |
| a |
Фамилия |
Калинский |
| b |
Имя |
Д. |
| g |
Полное личное имя |
Дмитрий |
| 801 |
Источник записи |
_0 |
| a |
Страна |
RU |
| b |
Организация |
Муниципальное бюджетное учреждение культуры "Централизованная библиотечная система" г. Сургут (Центральная городская библиотека им. А. С. Пушкина) |
| g |
Правила каталогизации |
КиК/Елгина |
| 801 |
Источник записи |
_1 |
| a |
Страна |
RU |
| b |
Организация |
Муниципальное бюджетное учреждение культуры "Централизованная библиотечная система" г. Сургут (Центральная городская библиотека им. А. С. Пушкина) |
| g |
Правила каталогизации |
КиК/Елгина |
| 852 |
Данные о местонахождении |
__ |
| j |
Шифр хранения |
88.532 |
| i |
Авторский знак |
К 17 |
| c |
Каталожный индекс |
88.5 |
| 901 |
Тип документа |
__ |
| t |
Тип документа |
m |
| 903 |
Характеристики (МАРС) |
__ |
| a |
Дата передачи |
20121119 |
| 990 |
Данные о заказе (DOS) |
__ |
| j |
Количество экземпляров (DOS) |
4 |
| t |
N записи в КСУ для И/У (DOS) |
201211 |